International Journal of Nursing Education and Research (IJNER) (Record no. 1680)
[ view plain ]
| 000 -LEADER | |
|---|---|
| Fixed length control field | 00633nas a22002177a 4500 |
| 003 - CONTROL NUMBER IDENTIFIER | |
| Control field | IIN |
| 005 - DATE AND TIME OF LATEST TRANSACTION | |
| Control field | 20250304112650.0 |
| 008 - FIXED-LENGTH DATA ELEMENTS--GENERAL INFORMATION | |
| Fixed length control field | 250304c |||qr|p| |||| 00| 0 eng d |
| 022 ## - INTERNATIONAL STANDARD SERIAL NUMBER / ISSN | |
| International Standard Serial Number | 2347-8640 |
| 022 ## - INTERNATIONAL STANDARD SERIAL NUMBER / ISSN | |
| International Standard Serial Number | 2454-2660 (eISSN) |
| 040 ## - CATALOGING SOURCE | |
| Original cataloging agency | IIN |
| 245 ## - TITLE STATEMENT | |
| Title | International Journal of Nursing Education and Research (IJNER) |
| 260 ## - IMPRINT | |
| Place of publication | Raipur |
| Name of publisher | A & V Publications |
| Date of publication | 2013 |
| 300 ## - PHYSICAL DESCRIPTION | |
| Page / Vol. No | vol.1 no.1 |
| 310 ## - CURRENT PUBLICATION FREQUENCY | |
| Current publication frequency | Quarterly |
| 650 ## - SUBJECT ADDED ENTRY--TOPICAL TERM | |
| Topical term | NURSING - PERIODICAL |
| 650 ## - SUBJECT ADDED ENTRY--TOPICAL TERM | |
| Topical term | NURSING EDUCATION & RESEARCH - PERIODICAL |
| 650 ## - SUBJECT ADDED ENTRY--TOPICAL TERM | |
| Topical term | NURSING RESEARCH - PERIODICAL |
| 856 ## - ELECTRONIC LOCATION AND ACCESS | |
| Uniform Resource Identifier | https://ijneronline.com/PastIssues.aspx |
| 942 ## - ADDED ENTRY ELEMENTS (KOHA) | |
| Koha item type | Serials |
No items available.
